| 000 | 00367 a2200145 4500 | ||
|---|---|---|---|
| 001 | 142417 | ||
| 040 | _cLeonardo Da Vinci | ||
| 041 | _aPortuguês | ||
| 082 | _av158 | ||
| 100 | _aRODRIGUES, Joffre | ||
| 245 | _aVestido de noiva | ||
| 500 | _aBaseado na peça teatral de Nelson Rodrigues | ||
| 697 |
_aTeatro _aLiteratura _aBrasil _aRodrigues, Nelson |
||
| 942 | _cVM | ||
| 999 |
_c142417 _d142417 |
||